000 00797nam a22002417a 4500
003 OSt
005 20251008010334.0
008 251008b |||||||| |||| 00| 0 eng d
020 _a13 : 978-0-7637-4340-6.
040 _aDWCL-Admin lib
_cOC
082 _aCirc. 616.0754 K21h 2007
100 _aKauffman, Mark
245 _aHistory and physical examination workbook : a common sense approach
_cMark Kauffman
260 _aSudbury, Mass. :
_bJones and Bartlett Pub. ,
_cc2007
300 _axii, 287 p. ;
_c28 cm.
504 _aIncludes index.
650 _a1. Medical history taking-Methods
650 _a2. Medical hstory taking
650 _a3. Physical diagnosis.
650 _a4. Physical examination-Methods.
700 _aRoth-Kauffman, Michelle M.
942 _2ddc
_cBK-CIRC
_kCirc.
_n0
999 _c4689
_d4689